| 000 | 00665nam a22002057a 4500 | ||
|---|---|---|---|
| 003 | OSt | ||
| 005 | 20251029052709.0 | ||
| 008 | 251029b |||||||| |||| 00| 0 eng d | ||
| 020 | _a978-621-406-3116 | ||
| 040 |
_aDWCL-Main lib _cOC |
||
| 082 | _aFil. 899.211 I61 2021 | ||
| 100 | _aBalwan, Agnes N. | ||
| 245 |
_aIntroduksyon sa pag- aaral ng wika: _b(pan dalubhasaan)/ _cAgnes N. Balwan |
||
| 260 |
_aManila: _bMindshapers co. Inc, _cc2021 |
||
| 300 |
_avi , 182 pages : _b illustrations 5 _c25cm. |
||
| 504 | _aIncludes bibliographical references | ||
| 650 | _a1. Tagalog language | ||
| 700 | _a[AND TWELVE OTHERS] | ||
| 942 |
_2ddc _cBK - FIL _kFil. _n0 |
||
| 999 |
_c5294 _d5294 |
||